| 000 | 00597nam a2200133Ia 4500 | ||
|---|---|---|---|
| 008 | 171212s9999 xx 000 0 und d | ||
| 020 | _a9781925021530 | ||
| 100 | _aJones, Ann | ||
| 245 |
_cJones, Ann _aNo Truck with the Chilean Junta! _bTrade Union Internationalism, Australia and Britain, 1973–1980 |
||
| 260 |
_bANU E Press _c2014 |
||
| 650 | _aHistory | ||
| 650 | _aInternational labor activities -- History; Labor movement -- History; Labor unions -- Australia; Labor unions -- Great Britain; Labor unions -- Chile -- Political activity | ||
| 856 | _uhttp://www.jstor.org/stable/j.ctt13www2d | ||
| 999 |
_c351231 _d351231 |
||